• 首页
  • 本馆介绍
  • 公告通知
  • 最新文献
  • 馆藏检索
  • 电子资源
  • 读者导购
  • 参考咨询
  • 我的图书馆
  • 登录
  • 详细信息显示
  • 放入我的书架
  • 预约/预借图书
  • 作者相关作品
  • 分类相关作品
  • 丛书相关作品
  • 出版社相关作品

书目信息

  • 表格格式
  • 工作单格式
  • 卡片格式
题名:
数据结构教程
    
 
作者: 王少波 , 张志 编著
分册:  
出版信息: 北京   清华大学出版社  2017
页数: x, 409页
开本: 26cm
丛书名: 21世纪高等学校规划教材
单 册:
中图分类: TP311.12-43
科图分类:
主题词: 数据结构--shu ju jie gou--高等学校--教材
电子资源:
ISBN: 978-7-302-47683-2
000 01205nam 2200313 450
001 012001003655
005 20191210111136.15
010    @a978-7-302-47683-2@dCNY49.00
099    @aCAL 012017147535
100    @a20170921d2017 em y0chiy50 ea
101 0  @achi
102    @aCN@b110000
105    @aak a 000yy
106    @ar
200 1  @a数据结构教程@Ashu ju jie gou jiao cheng@f王少波, 张志编著
205    @a第2版
210    @a北京@c清华大学出版社@d2017
215    @ax, 409页@c图@d26cm
225 2  @a21世纪高等学校规划教材@A21 shi ji gao deng xue xiao gui hua jiao cai@i计算机科学与技术
320    @a有书目
330    @a本书共9章,内容涵盖数据结构的基本概念、线性表和串、栈和队列、树和二叉树、图、数组和矩阵、排序、查找、文件。
333    @a本书是按高等院对计算机及信息管理专业本科四年制教学大纲的要求编写的教材,可以作为其他相关专业的教材,还可以作为计算机科技工作者的参考书。
410  0 @12001 @a21世纪高等学校规划教材@i计算机科学与技术
606 0  @a数据结构@Ashu ju jie gou@x高等学校@j教材
690    @aTP311.12-43@v5
701  0 @a王少波@Awang shao bo@4编著
701  0 @a张志@Azhang zhi@4编著
801  2 @aCN@b上海新华@c20191020
905    @b1206146-9@dTP311.12-43@e1474=2@f4
    
    数据结构教程/王少波, 张志编著.-第2版.-北京:清华大学出版社,2017
    x, 409页:图;26cm.-(21世纪高等学校规划教材.计算机科学与技术)
    使用对象:本书是按高等院对计算机及信息管理专业本科四年制教学大纲的要求编写的教材,可以作为其他相关专业的教材,还可以作为计算机科技工作者的参考书。
    
    ISBN 978-7-302-47683-2:CNY49.00
    本书共9章,内容涵盖数据结构的基本概念、线性表和串、栈和队列、树和二叉树、图、数组和矩阵、排序、查找、文件。
●
相关链接 在E读中查询图书 在五车中查询图书 在当当中查询图书 在豆瓣中查询图书


正题名:数据结构教程     索取号:TP311.12-43/1474=2         预约/预借

序号 登录号 条形码 馆藏地/架位号 状态 备注
1 1206146   212061463   第二样本阅览室/ [索取号:TP311.12-43/1474=2] 在馆    
2 1206147   212061472   第三借阅区/ [索取号:TP311.12-43/1474=2] 在馆    
3 1206148   212061481   第三借阅区/ [索取号:TP311.12-43/1474=2] 在馆    
4 1206149   212061490   第三借阅区/ [索取号:TP311.12-43/1474=2] 在馆    
唐山师范学院图书馆 欢迎您!
大连网信软件有限公司© 版权所有